| 000 | 00401nam a2200157Ia 4500 | ||
|---|---|---|---|
| 008 | 210716s1988 xx 000 0 und d | ||
| 020 | _a130493627 | ||
| 041 | _aeng | ||
| 082 | _a006.3 ROWN | ||
| 100 | _aRowe, Neil C. | ||
| 245 | _aArtificial intelligence through prolog. | ||
| 250 | _a1 | ||
| 260 |
_aLondon _bPrentice Hall _c1988 |
||
| 300 | _axx,481 | ||
| 650 | _aArtificial Intelligence(006.3) | ||
| 999 |
_c181321 _d181321 |
||